| 000 | 02377nam a2200421 a 4500 | ||
|---|---|---|---|
| 001 | ebr10231200 | ||
| 003 | CaPaEBR | ||
| 006 | m u | ||
| 007 | cr cn||||||||| | ||
| 008 | 720308s1961 mnuc sb 111 0deng d | ||
| 010 | _z 61012436 | ||
| 020 | _z9780816602469 | ||
| 020 | _z9780816661961 | ||
| 040 |
_aCaPaEBR _cCaPaEBR |
||
| 035 | _a(OCoLC)233185414 | ||
| 043 | _an-us--- | ||
| 050 | 1 | 4 |
_aE184.A1 _bM54 1961eb |
| 082 | 0 | 4 | _a325.73 |
| 245 | 0 | 0 |
_aImmigration and American history _h[electronic resource] : _bessays in honor of Theodore C. Blegen / _cedited by Henry Steele Commager. |
| 260 |
_aMinneapolis : _bUniversity of Minnesota Press, _c[1961] |
||
| 300 |
_ax, 166 p. : _bport. |
||
| 500 | _a"Based on a conference at the University of Minnesota, January 29-30, 1960." | ||
| 504 | _aIncludes bibliographical references and index. | ||
| 505 | 0 | _aThe study of immigration / H.S. Commager -- Immigration in American life: a reappraisal / O. Handlin -- Emigration and the image of America in Europe / I. Semmingsen -- The stranger looks at the Yankee / P.D. Jordan -- The immigrant in western fiction / J.T. Flanagan -- Immigration as a world phenomenon / C.C. Qualey -- The migration of ideas / H.A. Pochmann -- The immigration theme in the framework of national groups / F.D. Scott -- Prospects for materials in immigration studies / C.C. Qualey -- New prospects in immigration studies / C.J. Barry -- The saga of the immigrant / T.C. Blegen -- About the authors -- Theodore C. Blegen: a bibliography (p. 157-161). | |
| 533 |
_aElectronic reproduction. _bPalo Alto, Calif. : _cebrary, _d2013. _nAvailable via World Wide Web. _nAccess may be limited to ebrary affiliated libraries. |
||
| 600 | 1 | 0 |
_aBlegen, Theodore Christian, _d1891-1969. |
| 600 | 1 | 0 |
_aBlegen, Theodore Christian, _d1891-1969 _vBibliography. |
| 650 | 0 |
_aImmigrants _zUnited States. |
|
| 650 | 0 | _aImmigrants in literature. | |
| 651 | 0 |
_aUnited States _xEmigration and immigration. |
|
| 651 | 0 |
_aUnited States _xCivilization. |
|
| 651 | 0 |
_aUnited States _xForeign public opinion. |
|
| 655 | 7 |
_aElectronic books. _2local |
|
| 700 | 1 |
_aCommager, Henry Steele, _d1902-1998. |
|
| 710 | 2 | _aUniversity of Minnesota. | |
| 710 | 2 | _aebrary, Inc. | |
| 856 | 4 | 0 |
_uhttp://site.ebrary.com/lib/rucke/Doc?id=10231200 _zAn electronic book accessible through the World Wide Web; click to view |
| 999 |
_c39590 _d39590 |
||